000 00769nam a2200181Ia 4500
008 100122s9999 xx 000 0 und d
082 _b33989
_a824
100 _aसावरकर विनायक दामोदर
245 _aविज्ञाननिष्ठ निबंध 2 ( क.क्र.26/4 )
250 _a0
260 _bसावरकर प्रकाशन
_c1982
300 _a89
520 _aस्वातंत्र्यवीर सावरकर
620 _aस्वातंत्र्यवीर सावरकर
630 _aविज्ञाननिष्ठ निबंध 2 ( क.क्र.26/4 )
730 _aविज्ञाननिष्ठ निबंध 2 ( क.क्र.26/4 )
942 _cBOOK
999 _c417895
_d417892